横浜市営地下鉄全駅 - Statistics

General Stats
  • This quiz has been taken 15 times
  • The average score is 35 of 42
Answer Stats
ナンバリング 駅名 % Correct
ブルーライン-B01 湘南台
100%
B05 踊場
100%
B11 上大岡
100%
B17 関内
100%
B18 桜木町
100%
B20 横浜
100%
B25 新横浜
100%
B06 戸塚
92%
B08 下永谷
92%
B09 上永谷
92%
B12 弘明寺
92%
B16 伊勢佐木長者町
92%
B21 三ツ沢下町
92%
B22 三ツ沢上町
92%
B26 北新横浜
92%
B29 センター南
92%
B30 センター北
92%
B32 あざみ野
92%
グリーンライン-G01 中山
92%
G03 都筑ふれあいの丘
92%
G04 センター南
92%
G05 センター北
92%
G10 日吉
92%
B02 下飯田
85%
B04 中田
85%
B15 阪東橋
85%
B24 岸根公園
85%
B27 新羽
85%
G06 北山田
85%
G09 日吉本町
85%
B13 蒔田
77%
B19 高島町
69%
B31 中川
69%
B07 舞岡
62%
B10 港南中央
62%
B14 吉野町
62%
G02 川和町
62%
G07 東山田
62%
B03 立場
54%
B28 仲町台
54%
G08 高田
54%
B23 片倉町
38%
No matching quizzes found
Score Distribution
Percent of People with Each Score
Percentile by Number Answered
Your Score History
You have not taken this quiz